000 01438nam a2200421 c 4500
001 47950
003 ES-MaCES
005 20160712135450.0
008 160711s2016 sp 100 | spa d
017 _aB 656-2016
_bDL
020 _a9788498887099
040 _aES-MaCES
_bspa
_cES-MaCES
245 1 0 _aLibrarse del euro
_b: Encuentro de movimientos emancipatorios de los pueblos del Sur de Europa
_cRamón Franquesa (ed.)
250 _a1ª ed
260 _aBarcelona
_bIcaria
_c2016
300 _a318 p.
_c22 cm
490 1 _aAntrazyt
_v441
_aEconomía
500 _aRecoge las ideas aportadas en las Jornadas "Salir del Euro", celebradas el 10 y 11 de octubre de 2015 en Barcelona
541 _cCompra
650 4 _aunión monetaria
_928170
650 4 _asistema monetario europeo
_930769
650 4 _aUE
_926752
650 4 _aconsecuencias económicas
_927082
650 4 _aconsecuencias sociales
_927288
650 4 _ademocracia
_927175
650 4 _aproblema político
_927244
650 4 _aGrecia
_926947
650 4 _929020
_apaís de la UE
650 4 _930406
_aplan de acción
650 4 _927013
_aconferencia
653 1 0 _aMoneda
700 1 _937140
_aFranquesa, Ramón
_eed. lit.
711 2 _937141
_aJornadas "Salir del Euro"
_d2015
_cBarcelona
830 0 _aIcaria antrazyt (1995)
_v441
_932670
830 0 _aIcaria antrazyt (1995)
_pEconomía
_933586
902 _aLIB Libro
942 _2CES
_cBK
_h0.0.
999 _c47950
_d47950